000 00301nam a2200121Ia 4500
008 240731s9999 xx 000 0 und d
022 _a2050-8549
245 4 _aThe Linacre Quarterly
260 _bTaylor & Francis
856 _uhttps://www.tandfonline.com/loi/ylnq20
942 _2ddc
942 _cTFEJ
999 _c80028
_d80028
945 _a1
_bMadushi Gamage
_c1
_dMadushi Gamage